[Event "Popayan Yeika op 1st"]
[Site "Popayan"]
[Date "2024.10.14"]
[Round "7"]
[White "Cardona Martinez, Lina Sofia"]
[Black "Luligo Bejarano, Luis Angel"]
[Result "1/2-1/2"]
[WhiteElo "1905"]
[BlackElo "1881"]
[PlyCount "51"]
[EventDate "2024.10.11"]
[EventType "swiss"]
[EventRounds "7"]
[EventCountry "COL"]
[SourceTitle "CB43_2024"]
[Source "Chessbase"]
[SourceDate "2024.10.23"]
[SourceVersion "1"]
[SourceVersionDate "2024.10.23"]
[SourceQuality "1"]

1. e4 c5 2. Nf3 d6 3. d4 cxd4 4. Nxd4 Nf6 5. Nc3 Nc6 6. f3 e5 7. Nb3 Be7 8. Be3 Be6 9. Qd2 a5 10. a4 0-0 11. Qf2 d5 12. Bb6 Qc8 13. Bc5 Bxc5 14. Nxc5 d4 15. Nxe6 fxe6 16. Nb5 Nxe4 17. Qe2 Nf6 18. Nd6 Qd7 19. Nc4 Qc7 20. g3 Rac8 21. Bh3 Rfe8 22. 0-0 Kh8 23. Rae1 Nd5 24. Qe4 Nf6 25. Qe2 Nd5 26. Qe4 1/2-1/2

[Event "Popayan Yeika op 1st"]
[Site "Popayan"]
[Date "2024.10.13"]
[Round "5"]
[White "Ortiz, Juan Carlos"]
[Black "Luligo Bejarano, Luis Angel"]
[Result "0-1"]
[WhiteElo "1623"]
[BlackElo "1881"]
[PlyCount "60"]
[EventDate "2024.10.11"]
[EventType "swiss"]
[EventRounds "7"]
[EventCountry "COL"]
[SourceTitle "CB43_2024"]
[Source "Chessbase"]
[SourceDate "2024.10.23"]
[SourceVersion "1"]
[SourceVersionDate "2024.10.23"]
[SourceQuality "1"]

1. e4 c5 2. Nf3 d6 3. d4 cxd4 4. Nxd4 Nf6 5. Nc3 Nc6 6. Bc4 e6 7. Bg5 Be7 8. Qd2 a6 9. a3 h6 10. Bh4 Bd7 11. 0-0 0-0 12. Bg3 Nh5 13. Nde2 Qc7 14. Bb3 Rac8 15. Rad1 Nxg3 16. Nxg3 Na5 17. Ba2 Nc4 18. Bxc4 Qxc4 19. f4 Rfd8 20. Kh1 Bf6 21. Nge2 Bc6 22. Rf3 Bxe4 23. Nxe4 Qxe4 24. c3 d5 25. Ng3 Qa4 26. Nh5 Be7 27. Rg3 g6 28. f5 Bg5 29. Rxg5 hxg5 30. Qxg5 Qxd1# 0-1

[Event "Pereira U2000 op"]
[Site "Pereira"]
[Date "2024.07.18"]
[Round "1"]
[White "Torres Loaiza, Ricardo Julian"]
[Black "Luligo Bejarano, Luis Angel"]
[Result "0-1"]
[WhiteElo "1578"]
[BlackElo "1849"]
[PlyCount "38"]
[EventDate "2024.07.17"]
[EventType "swiss"]
[EventRounds "10"]
[EventCountry "COL"]
[SourceTitle "EXT 2025"]
[Source "ChessBase"]
[SourceDate "2024.10.14"]
[SourceVersion "1"]
[SourceVersionDate "2024.10.14"]
[SourceQuality "1"]

1. d4 Nf6 2. Nf3 g6 3. e3 Bg7 4. Bd3 d6 5. Nbd2 0-0 6. 0-0 Nc6 7. c3 e5 8. Bc2 Nd7 9. Ne4 h6 10. h4 f5 11. Ng3 e4 12. d5 Nce5 13. Nxe5 Nxe5 14. h5 Qh4 15. b3 Ng4 16. Re1 Be5 17. hxg6 Bxg3 18. fxg3 Qh2+ 19. Kf1 Qh1+ 0-1

[Event "COL-ch U20"]
[Site "Cali"]
[Date "2024.03.01"]
[Round "5"]
[White "Cano Alcaraz, Juan Jose"]
[Black "Luligo Bejarano, Luis Angel"]
[Result "1-0"]
[WhiteElo "1764"]
[BlackElo "1892"]
[PlyCount "109"]
[EventDate "2024.02.28"]
[EventType "swiss"]
[EventRounds "9"]
[EventCountry "COL"]
[SourceTitle "CBM 219 Extra"]
[Source "ChessBase"]
[SourceDate "2024.05.31"]
[SourceVersion "1"]
[SourceVersionDate "2024.05.31"]
[SourceQuality "1"]

1. e4 e5 2. Nf3 Nc6 3. Bb5 a6 4. Ba4 Nf6 5. 0-0 Be7 6. Re1 b5 7. Bb3 d6 8. c3 0-0 9. h3 Na5 10. Bc2 c5 11. d4 Qc7 12. Nbd2 Re8 13. Nf1 Bf8 14. Ng3 g6 15. b3 Bg7 16. Bb2 Nc6 17. Qd2 Bb7 18. Rac1 Rad8 19. d5 Ne7 20. Nh2 Bc8 21. Bb1 h6 22. c4 Nh7 23. cxb5 axb5 24. Bc3 Qa7 25. Ba5 Rd7 26. b4 Rf8 27. bxc5 dxc5 28. Bc3 f5 29. Qb2 fxe4 30. Bxe4 c4 31. Rc2 Nxd5 32. Bxe5 Bxe5 33. Qxe5 Nhf6 34. Bxg6 Re7 35. Qa1 Rg7 36. Bf5 Rxg3 37. Bxc8 Rxc8 38. Qe5 Qg7 39. Qe6+ Kh7 40. fxg3 Qxg3 41. Rce2 Rg8 42. Ng4 Nxg4 43. Qf5+ Kh8 44. hxg4 Nf4 45. Qf6+ Rg7 46. Re8+ Kh7 47. Qf5+ Ng6 48. R1e7 Qc3 49. Rxg7+ Qxg7 50. Qxb5 c3 51. Qc4 Qa7+ 52. Kh1 Qg7 53. Rc8 Ne7 54. Rc7 Qf6 55. Qe4+ 1-0

[Event "Cali Valle Colombia op-B"]
[Site "Cali Valle Colombia"]
[Date "2022.12.29"]
[Round "7"]
[White "Rodriguez Velasco, German Enrique"]
[Black "Luligo Bejarano, Luis Angel"]
[Result "1/2-1/2"]
[WhiteElo "2071"]
[BlackElo "1675"]
[PlyCount "122"]
[EventDate "2022.12.26"]
[EventType "swiss"]
[EventRounds "8"]
[EventCountry "COL"]
[SourceTitle "CBM 211 Extra"]
[Source "ChessBase"]
[SourceDate "2023.01.31"]
[SourceVersion "1"]
[SourceVersionDate "2023.01.31"]
[SourceQuality "1"]

1. d4 Nf6 2. Nf3 g6 3. c4 Bg7 4. Nc3 0-0 5. e4 d6 6. Be3 Ng4 7. Bg5 h6 8. Bh4 g5 9. Bg3 e5 10. h3 exd4 11. Nxd4 Ne5 12. Be2 Nbc6 13. Nc2 f5 14. exf5 Bxf5 15. Ne3 Be6 16. 0-0 Nd4 17. Bd3 Qd7 18. Bxe5 Bxe5 19. Ng4 Bxg4 20. Qxg4 Qxg4 21. hxg4 c6 22. Rad1 Kg7 23. Ne4 Rh8 24. g3 Raf8 25. Kg2 c5 26. Nc3 Rf7 27. Be4 Rhf8 28. Bd5 Re7 29. Rd2 Nc6 30. a3 Bd4 31. Nb5 Rf6 32. Nc3 Ne5 33. f3 Bxc3 34. bxc3 Nd7 35. f4 Nb6 36. Kf3 Rf8 37. f5 Rfe8 38. Kg2 Re2+ 39. Rf2 Rxd2 40. Rxd2 Re3 41. Be6 Rxc3 42. Rxd6 Rxa3 43. Rd8 Kf6 44. Rb8 Rc3 45. Rxb7 Nxc4 46. Rf7+ Ke5 47. Bxc4 Rxc4 48. Re7+ Kf6 49. Re6+ Kf7 50. Kf3 Rc3+ 51. Ke4 Rc4+ 52. Ke5 Rxg4 53. Rxh6 Rxg3 54. Rh7+ Ke8 55. Rxa7 Re3+ 56. Kf6 g4 57. Kg7 g3 58. f6 Rf3 59. Re7+ Kd8 60. Re5 c4 61. f7 g2 1/2-1/2

[Event "Cali Valle Colombia op-B"]
[Site "Cali Valle Colombia"]
[Date "2022.12.27"]
[Round "2"]
[White "Luligo Bejarano, Luis Angel"]
[Black "Borrero, Alexander"]
[Result "1-0"]
[WhiteElo "1675"]
[BlackElo "1988"]
[PlyCount "59"]
[EventDate "2022.12.26"]
[EventType "swiss"]
[EventRounds "8"]
[EventCountry "COL"]
[SourceTitle "CBM 211 Extra"]
[Source "ChessBase"]
[SourceDate "2023.01.31"]
[SourceVersion "1"]
[SourceVersionDate "2023.01.31"]
[SourceQuality "1"]

1. e4 c6 2. Nc3 d5 3. Nf3 Bg4 4. h3 Bxf3 5. Qxf3 Nf6 6. d3 e6 7. Bd2 Qb6 8. 0-0-0 a5 9. g4 h6 10. h4 a4 11. Bh3 Nbd7 12. g5 a3 13. b3 Bb4 14. Nb1 Bxd2+ 15. Rxd2 hxg5 16. hxg5 dxe4 17. dxe4 Ne5 18. Qc3 Nxe4 19. Qxe5 Nxd2 20. Nxd2 0-0-0 21. Nc4 Qxf2 22. Bxe6+ fxe6 23. Nd6+ Rxd6 24. Rxh8+ Kc7 25. Qa5+ Qb6 26. Rc8+ Kxc8 27. Qxb6 Rd5 28. Qb4 c5 29. Qf4 Rf5 30. Qe4 1-0

[Event "Palmira op-B"]
[Site "Palmira"]
[Date "2022.12.16"]
[Round "5"]
[White "Luligo Bejarano, Luis Angel"]
[Black "Cardona, Jacobo"]
[Result "1-0"]
[WhiteElo "1675"]
[BlackElo "1471"]
[PlyCount "73"]
[EventDate "2022.12.14"]
[EventType "swiss"]
[EventRounds "8"]
[EventCountry "COL"]
[SourceTitle "CBM 211 Extra"]
[Source "ChessBase"]
[SourceDate "2023.01.31"]
[SourceVersion "1"]
[SourceVersionDate "2023.01.31"]
[SourceQuality "1"]

1. e4 e5 2. Nf3 Nc6 3. Bc4 Bc5 4. c3 Nf6 5. d3 h6 6. Nbd2 d6 7. 0-0 0-0 8. Re1 Be6 9. Bb3 Re8 10. h3 Bb6 11. Nf1 d5 12. Bc2 Qd7 13. Qe2 Rad8 14. Ng3 Re7 15. Nh4 dxe4 16. dxe4 Qe8 17. Nhf5 Red7 18. Qf3 Nh7 19. Qg4 g6 20. Bxh6 Bc5 21. Nh5 Bf8 22. Bg7 Bxg7 23. Nhxg7 Bxf5 24. Nxf5 Kh8 25. Ne3 Rd2 26. Rad1 R8d6 27. Bb3 Na5 28. Bc2 Qd8 29. b4 Nc6 30. Bb3 Qf6 31. Rxd2 Rxd2 32. Re2 Rxe2 33. Qxe2 Ng5 34. Nd5 Qd8 35. Qg4 Ne6 36. Qg3 Kg7 37. b5 1-0

[Event "Jamundi Valle Avanza op-B"]
[Site "Jamundi"]
[Date "2022.12.09"]
[Round "4"]
[White "Luligo Bejarano, Luis Angel"]
[Black "Ramirez, Andres Felipe"]
[Result "1-0"]
[WhiteElo "1675"]
[BlackElo "1762"]
[PlyCount "73"]
[EventDate "2022.12.08"]
[EventType "swiss"]
[EventRounds "7"]
[EventCountry "COL"]
[SourceTitle "EXT 2024"]
[Source "ChessBase"]
[SourceDate "2023.10.10"]
[SourceVersion "1"]
[SourceVersionDate "2023.10.10"]
[SourceQuality "1"]

1. e4 c5 2. c4 Nc6 3. g3 Nf6 4. Bg2 g6 5. Ne2 Bg7 6. Nbc3 0-0 7. 0-0 Ne8 8. d3 Nc7 9. Be3 Ne6 10. f4 d6 11. Rb1 Ned4 12. h3 Rb8 13. a3 b6 14. b4 Bb7 15. b5 Nxe2+ 16. Nxe2 Nd4 17. Nxd4 cxd4 18. Bd2 f5 19. exf5 Bxg2 20. Kxg2 Rxf5 21. Qe2 e5 22. g4 Rf8 23. fxe5 dxe5 24. Qe4 Qd7 25. Bb4 Rxf1 26. Rxf1 Qe6 27. a4 h6 28. Rf2 Rc8 29. Rf1 Kh7 30. Qb7 e4 31. Rf7 Rg8 32. Re7 Qf6 33. Qxe4 Qg5 34. Rxa7 Qc1 35. Qxd4 Qc2+ 36. Kg3 Kh8 37. Rxg7 1-0

[Event "COL-ch U16"]
[Site "Bogota"]
[Date "2021.03.24"]
[Round "1"]
[White "Cordoba Roa, Angel Gabriel"]
[Black "Luligo Bejarano, Luis Angel"]
[Result "1-0"]
[WhiteElo "1902"]
[BlackElo "1517"]
[PlyCount "127"]
[EventDate "2021.03.24"]
[EventType "swiss"]
[EventRounds "7"]
[EventCountry "COL"]
[SourceTitle "EXT 2022"]
[Source "ChessBase"]
[SourceDate "2021.10.06"]
[SourceVersion "1"]
[SourceVersionDate "2021.10.06"]
[SourceQuality "1"]

1. e4 c5 2. Nf3 d6 3. d4 cxd4 4. Qxd4 Nc6 5. Bb5 Bd7 6. Bxc6 Bxc6 7. Nc3 Nf6 8. Bg5 e6 9. 0-0 h6 10. Bh4 Be7 11. Rad1 a6 12. Rfe1 g5 13. Bg3 e5 14. Nxe5 dxe5 15. Qxe5 Bd7 16. Nd5 Kf8 17. Nxe7 Qxe7 18. Rxd7 Qxe5 19. Bxe5 Nxd7 20. Bxh8 f6 21. e5 fxe5 22. Bxe5 Rc8 23. Bd6+ Kg8 24. c3 Nb6 25. Bg3 Na4 26. Re2 Rd8 27. h4 Rd1+ 28. Kh2 Rb1 29. hxg5 hxg5 30. b3 Nxc3 31. Rc2 Nd5 32. Rd2 Nf6 33. Rd6 Kf7 34. Rb6 Rb2 35. Rxb7+ Kg6 36. Rb6 Kf5 37. Rxa6 Ng4+ 38. Kh3 Nxf2+ 39. Bxf2 Rxf2 40. Ra5+ Kf6 41. b4 g4+ 42. Kg3 Rb2 43. a3 Ke6 44. Kxg4 Rxg2+ 45. Kf4 Ra2 46. Ke4 Kd6 47. Ra6+ Kc7 48. Kd5 Kb7 49. b5 Rb2 50. Kc5 Rb3 51. a4 Rb2 52. Rh6 Rg2 53. Rh7+ Kb8 54. Kb4 Rg4+ 55. Ka5 Rf4 56. b6 Rg4 57. Kb5 Rg5+ 58. Ka6 Rg8 59. a5 Rf8 60. Rh5 Ka8 61. b7+ Kb8 62. Rh6 Rg8 63. Rc6 Rf8 64. Kb6 1-0

[Event "Pan American-ch School U13"]
[Site "Medellin"]
[Date "2019.11.13"]
[Round "3"]
[White "Luligo Bejarano, Luis Angel"]
[Black "Reyes Zavaleta, Fabian Ricardo"]
[Result "1/2-1/2"]
[WhiteElo "1465"]
[BlackElo "1710"]
[PlyCount "72"]
[EventDate "2019.11.12"]
[EventType "swiss"]
[EventRounds "9"]
[EventCountry "COL"]
[SourceTitle "CBM 193 Extra"]
[Source "ChessBase"]
[SourceDate "2020.01.31"]
[SourceVersion "1"]
[SourceVersionDate "2020.01.31"]
[SourceQuality "1"]

1. e4 c5 2. d3 d6 3. f4 Nf6 4. Nf3 e6 5. g3 Nc6 6. Bg2 Be7 7. c3 Rb8 8. a4 b6 9. Na3 d5 10. e5 Nd7 11. 0-0 Bb7 12. Qe2 0-0 13. g4 a6 14. f5 Na5 15. Bf4 Rc8 16. Bh3 d4 17. g5 exf5 18. Bxf5 Bd5 19. c4 Be6 20. Nh4 Bxf5 21. Nxf5 Rc6 22. Qg4 Re6 23. Rae1 Nc6 24. Qg3 g6 25. Nh6+ Kg7 26. Re2 Ndxe5 27. Rxe5 Nxe5 28. Bxe5+ f6 29. Nf5+ Kh8 30. Nxe7 fxe5 31. Nd5 Rxf1+ 32. Kxf1 e4 33. Qh3 Qd6 34. dxe4 Rxe4 35. Qc8+ Kg7 36. Qb7+ Kh8 1/2-1/2

[Event "Cali Region-ch"]
[Site "Cali"]
[Date "2017.05.01"]
[Round "6"]
[White "Luligo Bejarano, Luis Angel"]
[Black "Ortiz, Jorge Adrian"]
[Result "0-1"]
[WhiteElo "1425"]
[BlackElo "1728"]
[PlyCount "48"]
[EventDate "2017.04.28"]
[EventType "swiss"]
[EventRounds "7"]
[EventCountry "COL"]
[SourceTitle "CBM 178 Extra"]
[Source "ChessBase"]
[SourceDate "2017.06.22"]
[SourceVersion "1"]
[SourceVersionDate "2017.06.22"]
[SourceQuality "1"]

1. e4 c5 2. Nf3 a6 3. Bc4 e6 4. Nc3 b5 5. Bb3 c4 6. Bxc4 bxc4 7. d4 cxd3 8. Qxd3 Bb7 9. 0-0 d6 10. Be3 Nd7 11. Rad1 Be7 12. Rd2 Ngf6 13. h3 0-0 14. Rfd1 Rc8 15. Bg5 Nc5 16. Qe3 Ncxe4 17. Bxf6 Nxd2 18. Bxe7 Nxf3+ 19. gxf3 Qxe7 20. Na4 Rxc2 21. Qa3 Qg5+ 22. Kf1 Qh4 23. Qe3 Qxh3+ 24. Ke1 Qh1# 0-1